书目信息 |
| 题名: |
中文PowerPoint 2003实例教程
|
|
| 作者: | 邵丹 编著 | |
| 分册: | ||
| 出版信息: | 北京 科学出版社 2004.06 |
|
| 页数: | 302页 | |
| 开本: | 26cm | |
| 丛书名: | ||
| 单 册: | ||
| 中图分类: | TP391.41 | |
| 科图分类: | ||
| 主题词: | 图形软件, PowerPoint 2003--教材 | |
| 电子资源: | ||
| ISBN: | 7-03-013544-X | |
| 000 | 00720nam0 2200229 45 | |
| 001 | 012004000000 | |
| 005 | 20050107101450.21 | |
| 010 | @a7-03-013544-X@dCNY 28.00 | |
| 100 | @a20041120d2004 em y0chiy0121 ea | |
| 101 | 0 | @achi |
| 102 | @aCN@b110000 | |
| 105 | @aa z 000yy | |
| 200 | 1 | @a中文PowerPoint 2003实例教程@Azhong wen PowerPoint 2003 shi li jiao cheng@f邵丹编著 |
| 210 | @a北京@c科学出版社@c北京科海电子出版社@d2004.06 | |
| 215 | @a302页@c图@d26cm@e附光盘1片 | |
| 307 | @a附光盘: ISBN 7-900394-39-7 | |
| 606 | 0 | @a图形软件, PowerPoint 2003@j教材 |
| 610 | 1 | @aPowerPoint 2003 |
| 690 | @aTP391.41@v4 | |
| 701 | 0 | @a邵丹@Ashao dan@4编著 |
| 801 | 0 | @aCN@bQSSKxf@c20050107 |
| 905 | @a10447@dTP391.41@eS3281 | |
| 中文PowerPoint 2003实例教程/邵丹编著.-北京:科学出版社:北京科海电子出版社,2004.06 |
| 302页:图;26cm+附光盘1片 |
| ISBN 7-03-013544-X:CNY 28.00 |
| ● |
| 相关链接 |
|
|
|
正题名:中文PowerPoint 2003实例教程
索取号:TP391.41/S3281
 
预约/预借
| 序号 | 登录号 | 条形码 | 馆藏地/架位号 | 状态 | 备注 |
| 1 | 435415 | 204354153 | 自科库301/301自科库 67排4列4层/ [索取号:TP391.41/S3281] | 在馆 | |
| 2 | 435416 | 204354162 | 自科二线504/504自科库 1排3列2层/ [索取号:TP391.41/S3281] | 在馆 | |
| 3 | 435417 | 204354171 | 自科二线404/301自科库 64排6列3层/ [索取号:TP391.41/S3281] | 在馆 |